| 000 | 00579nam a22001697a 4500 | ||
|---|---|---|---|
| 003 | 0 | ||
| 005 | 20250405123408.0 | ||
| 008 | 250405b xxu||||| |||| 00| 0 eng d | ||
| 100 | _aDel puerto, jericho | ||
| 245 |
_alegal aspects of business with best legal practices _cJericho del puerto |
||
| 260 |
_aQuezon City, Philippines. _bCentral books supply, Inc _c2014 |
||
| 300 |
_axi, 394 pages; _c23 cm. |
||
| 650 | _aBusiness law -- Commercial law. | ||
| 650 | _aCorporation law -- Trade regulation. | ||
| 650 | _aBusiness enterprises—Law and legislation. | ||
| 942 |
_2lcc _cBK |
||
| 999 |
_c367377 _d367377 |
||